000 00471pab a2200181 454500
008 180718b1991 xxu||||| |||| 00| 0 eng d
100 _aSingh, S.S.
245 _aPanchayati raj experiment in Madhya Pradesh
260 _c1991
300 _ap.687-697.
362 _aOct-Dec
650 _aPanchayat - India - Madhya Pradesh
650 _aPanchayat
700 _aMishra, Suresh
773 _aIndian Journal of Public Administration
908 _aN
909 _a89047
999 _c89047
_d89047